Sports in Latin America - Statistics

General Stats
  • This quiz has been taken 94 times
  • The average score is 8 of 15
Answer Stats
Hint Answer % Correct
City that was the host of the 2016 Summer Olympics Rio de Janeiro
86%
Argentinian football legend who died in November 2020 Diego Armando Maradona
76%
Spanish word for football Fútbol
74%
This was the only host city of the first ever FIFA World Cup in 1930 Montevideo
70%
Brazilian footballer that has been regarded as the best player in history Pelé
70%
The most expensive footballer in the world who joined PSG for 222 million€ Neymar
66%
Football tournament hosted every 4 years with 10 South American national teams and 2 guest countries CONMEBOL Copa América
60%
Country which has the largest amount of foreign-born players in Major League Baseball Dominican Republic
54%
Another word for indoor football Futsal
50%
National sport of Brazil Capoeira
44%
What professional wrestling is called in Mexico Lucha Libre
42%
Brazilian combat sport based on grappling Jiu-jitsu
40%
Puerto Rican baseballer who played for Pittsburgh Pirates from 1955 through 1972 Roberto Clemente
34%
Argentina was the first Latin American team to win olympic gold in this team sport at the 2016 Summer Olympics Field Hockey
32%
Sport that is called "Jaripeo" and is widely practiced across Mexico Bull Riding
26%
No matching quizzes found
Score Distribution
Percent of People with Each Score
Percentile by Number Answered
Your Score History
You have not taken this quiz